ბათუმის შოთა რუსთაველის სახელმწიფო უნივერსიტეტის ბიბლიოთეკა

Модельный стандарт деятельности публичной библиотеки (ბიბ.ჩანაწერი № 52844)

000 -LEADER
fixed length control field 00645nam a2200205Ia 4500
001 - CONTROL NUMBER
control field 19874
003 - CONTROL NUMBER IDENTIFIER
control field GE_BSU
008 - FIXED-LENGTH DATA ELEMENTS--GENERAL INFORMATION
fixed length control field 181216s||||||||xx |||||||||||||| ||und||
040 ## - CATALOGING SOURCE
Transcribing agency GE_BSU
080 ## - UNIVERSAL DECIMAL CLASSIFICATION NUMBER
Universal Decimal Classification number 02
245 ## - TITLE STATEMENT
Title Модельный стандарт деятельности публичной библиотеки
260 ## - PUBLICATION, DISTRIBUTION, ETC.
Place of publication, distribution, etc. Ульяновск
260 ## - PUBLICATION, DISTRIBUTION, ETC.
Date of publication, distribution, etc. 2008
300 ## - PHYSICAL DESCRIPTION
Extent 17 стр.
653 ## - INDEX TERM--UNCONTROLLED
Uncontrolled term Модельный стандарт деятельности публичной библиотеки
653 ## - INDEX TERM--UNCONTROLLED
Uncontrolled term ბიბლიოთეკარი
653 ## - INDEX TERM--UNCONTROLLED
Uncontrolled term ქსეროქსი
942 ## - ADDED ENTRY ELEMENTS (KOHA)
Koha item type წიგნი
ეგზემპლარები
Withdrawn status Lost status Damaged status Not for loan Date acquired Barcode Date last seen Price effective from Koha item type Public note
        2018-12-17 00426 2018-12-17 2018-12-17 წიგნი ქსეროქსი